Systém dôchodkového zabezpečenia vo vybratých krajinách Európy
Základné sociálno-ekonomické tendencie vývoja. Ekonomický a demografický vývoj. Vývoj zamestnanosti. Chudoba a sociálna exklúzia. Definícia chudoby. Hlavné skupiny obyvateľstva ohrozené chudobou a sociálnou exklúziou. Hlavné ciele a úlohy potrebné za predchádzajúcej sociálnej exklúzie.
Gespeichert in:
| 1. Verfasser: | |
|---|---|
| Format: | Buchkapitel |
| Sprache: | Slowakisch |
| Schlagworte: | |
| Tags: |
Keine Tags, Fügen Sie das erste Tag hinzu!
|
MARC
| LEADER | 00000naa$a2200000$$$4500 | ||
|---|---|---|---|
| 001 | 0031188 | ||
| 005 | 20230113084258.4 | ||
| 041 | 0 | |a slo | |
| 044 | |a SK | ||
| 245 | 1 | 0 | |a Systém dôchodkového zabezpečenia vo vybratých krajinách Európy |c Peter Sika |
| 520 | |a Základné sociálno-ekonomické tendencie vývoja. Ekonomický a demografický vývoj. Vývoj zamestnanosti. Chudoba a sociálna exklúzia. Definícia chudoby. Hlavné skupiny obyvateľstva ohrozené chudobou a sociálnou exklúziou. Hlavné ciele a úlohy potrebné za predchádzajúcej sociálnej exklúzie. | ||
| 610 | 2 | 0 | |a zabezpečenie dôchodkové |
| 610 | 2 | 0 | |a zabezpečenie sociálne |
| 610 | 2 | 0 | |a vývoj hospodársky |
| 610 | 2 | 0 | |a vývoj sociálny |
| 610 | 2 | 0 | |a chudoba |
| 610 | 2 | 0 | |a nezamestnaní |
| 610 | 2 | 0 | |a Európa |
| 610 | 2 | 0 | |a vzdelanosť |
| 610 | 2 | 0 | |a pomoc sociálna |
| 610 | 2 | 0 | |a systémy dôchodkové |
| 100 | 1 | |a Sika, Peter, 1975- | |